[Event "Kinross USSA (Women) op"]
[Site "Kinross"]
[Date "2018.07.03"]
[Round "3"]
[White "Engelbrecht, Liezl"]
[Black "Ndunakazi, Nobuhle"]
[Result "0-1"]
[WhiteElo "1520"]
[BlackElo "1298"]
[PlyCount "93"]
[EventDate "2018.07.02"]
[EventType "swiss"]
[EventRounds "9"]
[EventCountry "RSA"]
[SourceTitle "CBM 185 Extra"]
[Source "ChessBase"]
[SourceDate "2018.07.29"]
[SourceVersion "1"]
[SourceVersionDate "2018.07.29"]
[SourceQuality "1"]

1. d4 e6 2. c4 d5 3. Nc3 Nf6 4. Bg5 Be7 5. Nf3 dxc4 6. e3 Nd5 7. Bxe7 Qxe7 8. Qa4+ Bd7 9. Qxc4 Bc6 10. Be2 Nd7 11. 0-0 0-0 12. Rfc1 a6 13. Qd3 Nxc3 14. bxc3 Nf6 15. Rab1 Be4 16. Qd2 Bxb1 17. Rxb1 b5 18. Bd3 h6 19. Ne5 c5 20. Bc2 cxd4 21. cxd4 Rac8 22. Qd3 Qc7 23. Rc1 Rfd8 24. Qe2 Qd6 25. h3 Rc7 26. Nd3 Rdc8 27. Nc5 e5 28. Bf5 Rd8 29. Rd1 Rxc5 30. dxc5 Qxd1+ 31. Qxd1 Rxd1+ 32. Kh2 Rc1 33. Bc8 Rxc5 34. Bxa6 Nd5 35. Kg3 Nb4 36. Bb7 Nxa2 37. e4 Nc3 38. f3 b4 39. Ba6 b3 40. Bd3 b2 41. Kg4 b1Q 42. Bxb1 Nxb1 43. h4 f6 44. g3 Kf7 45. h5 Nd2 46. Kf5 Nxf3 47. g4 0-1

[Event "RSA-ch U20 Girls"]
[Site "Waterkloof"]
[Date "2015.04.06"]
[Round "4"]
[White "Engelbrecht, Liezl"]
[Black "February, Jesse Nikki"]
[Result "0-1"]
[WhiteElo "1535"]
[BlackElo "1680"]
[PlyCount "62"]
[EventDate "2015.04.04"]
[EventType "swiss"]
[EventRounds "9"]
[EventCountry "RSA"]
[SourceTitle "CBM 166 Extra"]
[Source "ChessBase"]
[SourceDate "2015.06.18"]
[SourceVersion "1"]
[SourceVersionDate "2015.06.18"]
[SourceQuality "1"]

1. d4 f5 2. c4 e6 3. Nc3 d5 4. cxd5 exd5 5. Nf3 Nf6 6. Bf4 c6 7. e3 Bd6 8. Bxd6 Qxd6 9. Bd3 0-0 10. 0-0 Ne4 11. Qb3 Kh8 12. Rab1 Nd7 13. Qc2 Qe7 14. b4 g5 15. g3 Ndf6 16. Ne5 Nxc3 17. Qxc3 f4 18. b5 Qe6 19. exf4 gxf4 20. Nf3 Qh3 21. Rfe1 fxg3 22. fxg3 Ng4 23. Bf1 Qh6 24. Rb2 Bf5 25. bxc6 bxc6 26. Ne5 Nxe5 27. Rxe5 Rae8 28. Rb7 Be4 29. Rxe8 Rxe8 30. Rxa7 Qf6 31. Rc7 Rf8 0-1

[Event "Wch U18 Girls"]
[Site "Durban"]
[Date "2014.09.25"]
[Round "7"]
[White "Engelbrecht, Liezl"]
[Black "February, Jesse Nikki"]
[Result "0-1"]
[WhiteElo "1479"]
[BlackElo "1688"]
[PlyCount "84"]
[EventDate "2014.09.20"]
[EventType "swiss"]
[EventRounds "11"]
[EventCountry "RSA"]
[SourceTitle "CBM 162 Extra"]
[Source "ChessBase"]
[SourceDate "2014.10.17"]
[SourceVersion "1"]
[SourceVersionDate "2014.10.17"]
[SourceQuality "1"]

1. d4 Nf6 2. c4 e6 3. a3 d5 4. Nc3 c6 5. cxd5 exd5 6. Qc2 Bd6 7. Bg5 Nbd7 8. Nf3 0-0 9. e3 Re8 10. Bd3 Nf8 11. h3 Ne6 12. Bxh7+ Kh8 13. Bd3 Bf4 14. Bxf6 Qxf6 15. 0-0 Bd6 16. Rfe1 Ng5 17. Nxg5 Qxg5 18. Kf1 Bh2 19. g4 Bxg4 20. hxg4 Qxg4 21. Qd1 Qh3+ 22. Ke2 Rxe3+ 23. Kd2 Rxd3+ 24. Kc2 Rxd1 25. Raxd1 Qf5+ 26. Rd3 Bd6 27. Nd1 g6 28. Kc3 Kg7 29. Rg1 Re8 30. Rg2 b5 31. Ne3 b4+ 32. Kc2 Qe6 33. a4 Bf4 34. Kb3 c5 35. dxc5 Bxe3 36. Rxe3 Qc8 37. Kxb4 Qb7+ 38. Ka3 Rb8 39. f4 d4 40. Reg3 d3 41. Ka2 Qd5+ 42. Kb1 d2 0-1